000 01019nam a2200301 a 4500
001 000110294
003 CHAP
005 20220329144126.0
008 140812s2010 mx a |r| |||||||spa d
010 _a106756
011 _a107728
020 _a9786074254730
040 _cCHAP
082 0 4 _a583.47097216
_bC11
245 0 0 _aCactáceas ornamentales del desierto chihuahuense que se distribuyen en Coahuila, San Luis Potosí y Nuevo León, México /
_cpor Eulalia Edith Villavicencio Gutiérrez ...[et al.].
260 _aMéxico, D.F. :
_bINIFAP. Campo Experimental Saltillo,
_c2010.
300 _a344 p. :
_bil., gráfs., cuadros.
490 1 _aLibro técnico
_v2
590 _aE6096MTM
_b05
_c20140812
_lUCH01
_h1057
590 _aE6096MTM
_b05
_c20140812
_lUCH01
_h1058
590 _aE6096MTM
_b05
_c20140812
_lUCH01
_h1100
650 1 4 _aCactáceas.
_916994
650 1 4 _aPlantas ornamentales
_xIdentificación.
_989068
830 0 _aLibro técnico
_v2
_966654
901 _aBK
942 _cLIBRO
942 _n0
999 _c106756
_d106756